01402nam a2200361 a 4500001001000000003000500010005001700015008004100032040000900073090001000082100004000092245013600132245001700268260004100285500006000326502011200386590002800498590002700526590002700553590002700580650002500607650003100632650003800663650004200701650004200743856005700785856001600842901000700858942001500865942001100880999001900891952013000910000114713CHAP20260422110929.0180323s2018 mx sm |||||||spa d cCHAP aTesis1 aGonzález Moctezuma, Pablo913499013aLa gestión del agua y su relación con el desarrollo de la comunidad de Yoactún, Quintana Roocpor Pablo González Moctezuma.13h[En línea] aChapingo, Méx. :bEl autor,c2018. aPara ver el contenido del material haga clic en la liga aTesis (Maestro en Gestión del Desarrollo Rural) -- UACH. Dirección de Centros Regionales Universitarios aE11695DGDb10c20180323 aE6339RRRb05c20180323 aE6339RRRb05c20180323 aE6339RRRb05c2018032314aAguaxCalidad.9231614aAguaxUtilización.9240114aComunidadxOrganización.92624817aAgua de lluviaxAprovechamiento9241417aAgua de lluviaxAprovechamiento92414 uhttp://10.13.5.2/tesis/sist114713.pdfzTeclea aquí aFinding aid aBK cLIBRO2ddc n02ddc c111174d111174 00102local4051708TESISaBCbBCcPA_TESISd2018-03-23fTESISl0oTesisp114713-10r2019-12-31 00:00:00w2019-12-31yTESIS